E-kereskedelem és online marketing

Bibliographic Details
Main Author: Barkaszi Márk
Other Authors: Avornicului dr. Mihály Szilárd
Format: Project work
Kulcsszavak:E-kereskedelem
Online Marketing
E-Business
Online Access:http://dolgozattar.uni-bge.hu/22112

MARC

LEADER 00000nnm a2200000 i 4500
001 dolg22112
005 20190515155036.0
008 190515suuuu hu o 000 hun d
040 |a BGE Dolgozattár Repozitórium  |b hun 
041 |a hu 
100 1 |a Barkaszi Márk 
245 1 0 |a E-kereskedelem és online marketing  |c Barkaszi Márk  |h [elektronikus dokumentum] 
516 |a Project_work 
695 |a E-kereskedelem 
695 |a Online Marketing 
695 |a E-Business 
700 1 |a Avornicului dr. Mihály Szilárd  |e ths 
856 4 0 |u http://dolgozattar.uni-bge.hu/22112/1/Barkaszi%20mark%20pdf.pdf  |z Dokumentum-elérés